| 000 | 02073nam a2200529 i 4500 | ||
|---|---|---|---|
| 001 | 29649 | ||
| 003 | KOSZ 005 | ||
| 005 | 20230605103858.0 | ||
| 008 | 230605s1977 pl f 000 0 ruso | ||
| 015 | _aUWD 1977/9232 | ||
| 035 | _a991019884029705066 | ||
| 035 | _a(PL-WaBN)b15390408-48omnis_nlop | ||
| 035 | _ab15390408 | ||
| 035 | _a(OCoLC)830376410 | ||
| 035 | _a(PL)b0000001539040 | ||
| 035 | _a(EXLNZ-48OMNIS_NETWORK)9910018651605606 | ||
| 040 |
_aWA N _cWA N _dKOSZ 005/RW |
||
| 041 | 0 |
_arus _apol |
|
| 046 | _k1963 | ||
| 080 | _a62(038)=161.1=162.1 | ||
| 245 | 0 | 0 |
_aMały słownik techniczny rosyjsko-polski i polsko-rosyjski : _bczęść rosyjsko-polska : część polsko-rosyjska = Kratkij russko-pol'skij i pol'sko-russkij politehničeskij slova'r : russko-pol'skaâ čast' : pol'sko-russkaâ čast' / _credaktorzy Elżbieta Głowacka, Maria Martin. |
| 246 | 3 | 1 | _aKratkij russko-pol'skij i pol'sko-russkij politehničeskij slova'r |
| 250 | _aWydanie 4 niezmienione. | ||
| 260 |
_aWarszawa : _bWydawnictwa Naukowo-Techniczne, _c1977. |
||
| 300 |
_a1 vol. ([8], 142 ; [8], 129 stron) ; _c17 cm. |
||
| 336 |
_aTekst _btxt _2rdacontent |
||
| 337 |
_aBez urządzenia pośredniczącego _bn _2rdamedia |
||
| 338 |
_aWolumin _bnc _2rdacarrier |
||
| 380 | _aKsiążki | ||
| 380 | _aPublikacje informacyjne | ||
| 388 | 1 | _a1901-2000 | |
| 388 | 1 | _a1945-1989 | |
| 500 | _aObie części oprawione w kierunku przeciwstawnym. | ||
| 650 | 7 |
_aTechnika _2DBN |
|
| 650 | 7 |
_aTerminologia _2DBN |
|
| 655 | 7 |
_aSłownik polsko-rosyjski _2DBN |
|
| 655 | 7 |
_aSłownik rosyjsko-polski _2DBN |
|
| 655 | 7 |
_aSłownik terminologiczny _2DBN |
|
| 658 | _aInżynieria i technika | ||
| 658 | _aJęzykoznawstwo | ||
| 700 | 1 |
_aGłowacka, Elżbieta _eRedakcja |
|
| 700 | 1 |
_aMartin, Maria _eRedakcja |
|
| 710 | 2 |
_aWydawnictwa Naukowo-Techniczne _4pbl |
|
| 856 |
_uhttp://koha.tu.koszalin.pl/cgi-bin/koha/opac-detail.pl?biblionumber=29649 _yKatalog online BPK |
||
| 942 |
_2UKD _cKS |
||
| 999 |
_c29649 _d29649 |
||